| 000 | 00370nam a2200133#a 4500 | ||
|---|---|---|---|
| 001 | 01376 | ||
| 003 | HDC | ||
| 007 | ta | ||
| 008 | 230623s2023 xx 000 0 eng d | ||
| 040 | _aHDC | ||
| 110 | _aHalal Industry Development Corporation. | ||
| 245 | 0 |
_aAidilfitri open house _h[electronic resources] : _bBank Rakyat & HDC, November 1, 2007, Shangri-La KL. |
|
| 942 | _2lcc | ||
| 999 |
_c22942 _d22942 |
||